Words that Rhyme with At with Definitions - Statistics

General Stats
  • This quiz has been taken 115 times
  • The average score is 19 of 26
Answer Stats
Definitions Answer % Correct
Excess body weight fat
99%
Feline pet cat
98%
Annoying child brat
97%
Floor covering mat
97%
Rodent rat
97%
Past tense of sit sat
97%
Short conversation chat
96%
Light touch or stroke pat
91%
Smooth and even surface flat
90%
Sporting club or a small mammal bat
89%
Headdress hat
87%
Slang for skin art or lacework tat
87%
Large tank or tub vat
79%
Small fly gnat
77%
The sound of wet hitting a surface splat
76%
Opposite of glossy matte
70%
To spit or a young oyster spat
68%
A pronoun to vaguely specify that
67%
A thin strip of wood or metal slat
60%
Expression of mild annoyance drat
56%
Revolver or pistol gat
56%
Plot of land plat
50%
To go away or leave scat
47%
Small fish like a sardine sprat
41%
To rush or data stat
37%
An edible shrub used to make tea kat
35%
No matching quizzes found
Score Distribution
Percent of People with Each Score
Percentile by Number Answered
Your Score History
You have not taken this quiz